Markets (Record no. 84087)
[ view plain ]
| 000 -LEADER | |
|---|---|
| fixed length control field | 00924cab a22002055a 4500 |
| 001 - CONTROL NUMBER | |
| control field | L156570 |
| 008 - FIXED-LENGTH DATA ELEMENTS--GENERAL INFORMATION | |
| fixed length control field | 120611e2012 xxk 000 0 eng d |
| 035 ## - SYSTEM CONTROL NUMBER | |
| System control number | (Sirsi) u156570 |
| 041 0# - LANGUAGE CODE | |
| Language code of text/sound track or separate title | eng |
| 100 1# - MAIN ENTRY--PERSONAL NAME | |
| Personal name | Hatcher, David |
| 245 00 - TITLE STATEMENT | |
| Title | Markets |
| Remainder of title | West London |
| 260 ## - PUBLICATION, DISTRIBUTION, ETC. | |
| Date of publication, distribution, etc. | 2012 |
| 490 #0 - SERIES STATEMENT | |
| Series statement | Property Week |
| Volume/sequential designation | 78(23) 8 June 2012, 41-48(5) |
| 520 ## - SUMMARY, ETC. | |
| Summary, etc. | Round-up of West London commercial property sector news: Gems Education is to redevelop 400 000 sq ft of office space in Hammersmith; developers are being called for consultation next summer on a 99 acre site around the proposed Old Oak Common mega-site station, north of Wormwood Scrubs; Benson Elliot Capital Management is to lodge plans for the redevelopment of Ealing's Arcadia Centre; and a progress report on three schemes at White City. |
| 590 ## - LOCAL NOTE (RLIN) | |
| Local note | KA |
| 651 #4 - SUBJECT ADDED ENTRY--GEOGRAPHIC NAME | |
| Geographic name | London |
| 690 ## - LOCAL SUBJECT ADDED ENTRY--TOPICAL TERM (OCLC, RLIN) | |
| Topical term or geographic name as entry element | Commercial property |
| 9 (RLIN) | 6227 |
| 700 1# - ADDED ENTRY--PERSONAL NAME | |
| Personal name | Barwick, Julian |
| 942 ## - ADDED ENTRY ELEMENTS (KOHA) | |
| Suppress in OPAC | 0 |
| Withdrawn status | Lost status | Source of classification or shelving scheme | Damaged status | Not for loan | Home library | Current library | Shelving location | Date acquired | Total Checkouts | Full call number | Barcode | Date last seen | Copy number | Price effective from | Koha item type |
|---|---|---|---|---|---|---|---|---|---|---|---|---|---|---|---|
| Dewey Decimal Classification | London | London | Journal article | 11/06/2012 | L156570 | 156570-1001 | 06/08/2019 | 1 | 06/08/2019 | Journal article |